Central Library OPAC University of Rajshahi

রহস্যবাদ ও যুক্তিবিদ্যা এবং অন্যান্য প্রবন্ধ / (Record no. 40426)

MARC details
000 -LEADER
fixed length control field 01210nam a2200277 a 4500
001 - CONTROL NUMBER
control field 40426
003 - CONTROL NUMBER IDENTIFIER
rucl marc code BD-RjUL
005 - DATE AND TIME OF LATEST TRANSACTION
control field 20211209053217.0
008 - FIXED-LENGTH DATA ELEMENTS--GENERAL INFORMATION
fixed length control field 160502s1977 bg ||||| |||| 00| 0 ben d
020 ## - INTERNATIONAL STANDARD BOOK NUMBER
Terms of availability : Tk.23.00
035 ## - SYSTEM CONTROL NUMBER
System control number (BD-RjUL)40541
040 ## - CATALOGING SOURCE
Original cataloging agency BD-RjUL
Language of cataloging ben
Transcribing agency BD-RjUL
041 ## - LANGUAGE CODE
Language code of text/sound track or separate title ben
082 ## - DEWEY DECIMAL CLASSIFICATION NUMBER
Edition number 23
Classification number 192
Author mark and year RUR 1977
100 1# - MAIN ENTRY--PERSONAL NAME
Personal name রাসেল, বার্ট্রাণ্ড
9 (RLIN) 124536
245 10 - TITLE STATEMENT
Title রহস্যবাদ ও যুক্তিবিদ্যা এবং অন্যান্য প্রবন্ধ /
Statement of responsibility, etc. বার্ট্রান্ড রাসেল, অনুবাদ আবু সাঈদ মিঞা
260 ## - PUBLICATION, DISTRIBUTION, ETC. (IMPRINT)
Place of publication, distribution, etc. ঢাকা :
Name of publisher, distributor, etc. বাংলা একাডেমী ,
Date of publication, distribution, etc. ১৯৭৭
300 ## - PHYSICAL DESCRIPTION
Pagination [১০], ২৭২ পৃ. ;
Size ২১ সেমি.
490 ## - SERIES STATEMENT
Series statement বাএ ;
Volume/sequential designation ৮২৭
504 ## - BIBLIOGRAPHY, ETC. NOTE
Bibliography, etc পরিভাষা সংযুক্ত
650 ## - SUBJECT ADDED ENTRY--TOPICAL TERM
Topical term or geographic name as entry element দর্শন
Geographic subdivision ব্রিটিশ এবং দূরবর্তী
9 (RLIN) 124537
Topical term or geographic name as entry element Philosophy
Geographic subdivision British and Isles
9 (RLIN) 124538
700 ## - ADDED ENTRY--PERSONAL NAME
Personal name মিঞা, আবু সাঈদ, অনুবাদক
830 ## - SERIES ADDED ENTRY--UNIFORM TITLE
Uniform title বাএ ;
Volume number/sequential designation ৮২৭
942 ## - ADDED ENTRY ELEMENTS (KOHA)
Source of classification or shelving scheme Dewey Decimal Classification
Koha item type Books
Holdings
Lost status Source of classification or shelving scheme Damaged status Not for loan Collection code Permanent Location Current Location Shelving location Date acquired Source of acquisition Cost, normal purchase price Total Checkouts Full call number Date last seen Copy number Koha item type
  Dewey Decimal Classification   Not For Loan Non-fiction Central Library, University of Rajshahi Central Library, University of Rajshahi Reading Room 16/06/1982 Aligor library, Rajshahi 23.00   B 192 RUR 1977 02/05/2016 C-1 Books
  Dewey Decimal Classification     Non-fiction Central Library, University of Rajshahi Central Library, University of Rajshahi   16/06/1982 Aligor library, Rajshahi 23.00   B 192 RUR 1977 02/05/2016 C-2 Books
  Dewey Decimal Classification     Non-fiction Central Library, University of Rajshahi Central Library, University of Rajshahi   16/06/1982 Aligor library, Rajshahi 23.00   B 192 RUR 1977 02/05/2016 C-3 Books
  Dewey Decimal Classification     Non-fiction Central Library, University of Rajshahi Central Library, University of Rajshahi   16/06/2016 Aligor library, Rajshahi 23.00   B 192 RUR 1977 02/05/2016 C-4 Books
  Dewey Decimal Classification     Non-fiction Central Library, University of Rajshahi Central Library, University of Rajshahi   16/06/1982 Aligor library, Rajshahi 23.00   B 192 RUR 1977 02/05/2016 C-5 Books
  Dewey Decimal Classification     Non-fiction Central Library, University of Rajshahi Central Library, University of Rajshahi   16/06/1982 Aligor library, Rajshahi 23.00   B 192 RUR 1977 02/05/2016 C-6 Books
  Dewey Decimal Classification     Non-fiction Central Library, University of Rajshahi Central Library, University of Rajshahi   16/06/1982 Aligor library, Rajshahi 23.00   B 192 RUR 1977 02/05/2016 C-7 Books
  Dewey Decimal Classification     Non-fiction Central Library, University of Rajshahi Central Library, University of Rajshahi   22/08/1978 Bangla Academy, Dhaka 23.00   B 192 RUR 1977 02/05/2016 C-8 Books
  Dewey Decimal Classification     Non-fiction Central Library, University of Rajshahi Central Library, University of Rajshahi   30/06/1980 Aligor library, Rajshahi 23.00   B 192 RUR 1977 02/05/2016 C-9 Books
  Dewey Decimal Classification     Non-fiction Central Library, University of Rajshahi Central Library, University of Rajshahi   22/08/1978 Bangla Academy, Dhaka. 23.00   B 192 RUR 1977 06/08/2016 C-10 Books